000
00279nam a22001337a 4500
008
170315b xxu||||| |||| 00| 0 eng d
020
_a
0517223651
041
_a
eng
080
_a
611
100
_a
7
101
_a
SHM
245
_a
GRAY'S ANATOMY
_c
CROCCO, J.A
942
_2
udc
_c
BK
999
_c
7879
_d
7879